Catalog

Record Details

Catalog Search



Ravelings : a collection of poetry and short fiction  Cover Image Book Book

Ravelings : a collection of poetry and short fiction / Bob Hodges.

Hodges, Bob. (Author).

Record details

  • ISBN: 0595091148
  • Physical Description: 124 pages ; 24 cm.
  • Publisher: New York : Writers Club, 2000.
Subject: Poetry > Collections.
Short stories.

Available copies

  • 1 of 1 copy available at scottsboropl.

Holds

  • 0 current holds with 1 total copy.
Show Only Available Copies
Location Call Number / Copy Notes Barcode Shelving Location Status Due Date
scottsboropl 818 Hod 32269000615156 Adult - Nonfiction Available -

LDR 00690cam a2200217 a 4500
001120695
003CONS
00520140703082256.0
008920407s2000 nyu 000 0 eng d
020 . ‡a0595091148
035 . ‡a(CPomAG)LMN427963
05000. ‡aPS3558.O29 ‡bR39 2000
1001 . ‡aHodges, Bob.
24510. ‡aRavelings : ‡ba collection of poetry and short fiction / ‡cBob Hodges.
260 . ‡aNew York : ‡bWriters Club, ‡c2000.
300 . ‡a124 pages ; ‡c24 cm.
650 0. ‡aPoetry ‡vCollections.
650 0. ‡aShort stories.
914 . ‡aSPL_ns
959 . ‡i32269000615156 ‡l818 Hod ‡aAdult - Nonfiction ‡tNonFiction ‡g10.95
852 . ‡p32269000615156 ‡j818 Hod ‡gAdult - Nonfiction ‡cNonFiction ‡y10.95 ‡bSBPL
901 . ‡a120695 ‡bUnknown ‡c120695 ‡tbiblio

Additional Resources